000 00910nam a2200241 i 4500
003 DO-SdBNP
005 20250617141637.0
007 ta
008 250617b1973 dr ||||| |||| 00| 0 spa d
040 _aDO-SdBNP
_bspa
_cBNPHU
_erda
082 4 _axxx
_bxxx
_222
110 1 _aRepública Dominicana
_9447
240 1 0 _a[Leyes, etc.]
245 1 0 _aLey No. 390 que concede plena capacidad de los derechos civiles a la mujer dominicana :
_bG.O. No. 5535 del 18 de diciembre de 1940. Resolución No. 4780, del Congreso Nacional, que aprueba la Convención sobre la Nacionalidad de la Mujer Casada. Jurisprudencias
264 1 _aSanto Domingo :
_beditor no identificado,
_c1973.
300 _a18 páginas ;
_c21 cm.
336 _atexto
_btxt
_2rdacontent
337 _asin mediación
_bnc
_2rdamedia
338 _avolumen
_bnc
_2rdacarrier
590 _aInventariado, 2025/BT
910 _aBtavárez
942 _2ddc
_cLF2
999 _c59319
_d59319